Countries with Nobel Prize Winners - Statistics

General Stats
  • This quiz has been taken 52 times
    9 since last reset
  • The average score is 62 of 75
Answer Stats
Continent Country % Correct
South America Argentina
100%
Oceania Australia
100%
Europe Belarus
100%
South America Brazil
100%
North America Canada
100%
South America Chile
100%
Asia China
100%
South America Colombia
100%
Africa Egypt
100%
Europe France
100%
Europe Germany
100%
Asia India
100%
Europe Italy
100%
Asia Japan
100%
North America Mexico
100%
Oceania New Zealand
100%
Asia Pakistan
100%
Africa South Africa
100%
Asia South Korea
100%
Europe Spain
100%
Asia/ Europe Turkey
100%
Europe United Kingdom
100%
North America United States of America
100%
Asia Vietnam
100%
Europe Austria
88%
Europe Belgium
88%
Europe Bulgaria
88%
North America Costa Rica
88%
Europe Croatia
88%
Europe Czech Republic
88%
Africa Democratic Republic of the Congo
88%
Europe Finland
88%
North America Guatemala
88%
Europe Iceland
88%
Asia Israel
88%
Asia Myanmar
88%
Europe Norway
88%
Europe Poland
88%
Europe Portugal
88%
Europe Romania
88%
Asia/ Europe Russia
88%
Europe Slovenia
88%
Europe Sweden
88%
Europe the Netherlands
88%
South America Venezuela
88%
Asia Bangladesh
75%
Europe Bosnia and Herzegovina
75%
Europe Denmark
75%
Africa Ethiopia
75%
Europe Greece
75%
Europe Hungary
75%
Asia Iran
75%
Asia Iraq
75%
Europe Ireland
75%
Africa Kenya
75%
Europe Luxembourg
75%
Africa Nigeria
75%
Europe North Macedonia
75%
South America Peru
75%
Asia Philippines
75%
North America Saint Lucia
75%
Europe Switzerland
75%
Europe Ukraine
75%
Asia Azerbaijan
63%
Europe Lithuania
63%
Asia Taiwan
63%
Africa Tunisia
63%
Africa Zimbabwe
63%
Africa Ghana
50%
Africa Liberia
50%
North America Trinidad and Tobago
50%
Asia Yemen
50%
Africa Madagascar
25%
Africa Mauritius
25%
Asia Timor Leste
25%
No matching quizzes found
Score Distribution
Percent of People with Each Score
Percentile by Number Answered
Your Score History
You have not taken this quiz since the last reset